000 01683nam0a2200325 4500
001 RU\NLR\bibl\1469897
005 20260406155253.0
035 _a(NLR Aleph) 001461602
090 _a1586881
_c1586881
100 _a20100208d2010 |||y0rusy50 ca
101 0 _arus
102 _aRU
105 _aa |||||||||
200 1 _aНаши времена
_eсборник [произведений выпускников Биолого-почвенного факультета Ленинградского университета (СПб ГУ) 1978 года]
_eпоэзия, проза, драматургия, публицистика
_f[под ред. П.В. Цыпленкова (микробиолог, журн., действ. гос советник Санкт-Петербурга)]
210 _aСанкт-Петербург
_cИзд-во Политехничекого университета
_d2010
215 _a288 с.
_cил., цв. ил.
_d20
327 1 _aСодерж.: разделы: Весна. Лето. Осень. Зима
601 0 2 _aЛГУ
_bБиолого-почвенный факультет
_xВыпускники
_xТворческие работы
_92601482
_3RU\NLR\auth\661538040
686 _aШ6(2=Р)8-999
686 _aЧ488.881.448
686 _aШ6(2=Р)8-97
702 1 _aЦыпленков
_bП. В.
_f1956-
_gПавел Владимирович
_4340
712 0 2 _4570
_aЛГУ
_bБиолого-почвенный факультет
_3RU\NLR\AUTH\889930598
_9356731
801 0 _aRU
_bNLR
_c20100208
_gRCR
801 1 _aRU
_bNLR
_c20100208
830 _aред. по кн.
942 _cBOOK
980 _aNB